00719nam a2200193 i 450000100060000000300090000600500170001500700030003200800410003510000260007624500450010226000610014730000460020849000520025483000600030685200210036699900170038795201210040484015ES-MaACL20230906174930.0t|041119s1909 fr ||||1| fre d1 aJaulin, Emile.96617010aTravaux graphiques / cpar Emile Jaulin. aParis : bH. Dunod, c1909 (eTours : fDeslis Frères) aVIII, 474 p., 7 lám. : bil. ; c19 cm.1 aBibliothèque du conducteur de travaux publics0 aBibliothèque du conducteur de travaux publics9180955 aES-MaACLjF-2044 c84015d84015 00104070aATENEOMbATENEOMcDEPO2d2008-01-17eSCl0oF-2044p1087803r2023-02-23 00:00:00w2023-02-23yMONOGRAFIA